000 01140cam a2200409 4500500
005 20260329005018.0
041 _afre
042 _adc
100 1 0 _aEltchaninoff, Michel
_eauthor
700 1 0 _aChambrun, Marius
_eauthor
245 0 0 _aJean-Luc Mélenchon-Michaël Fœssel. La gauche est-elle un parti de plaisir ?
260 _c2022.
500 _a55
690 _aBenjamin
690 _aCapitalisme
690 _aConsommation
690 _aCorps
690 _aCulpabilité
690 _aÉlection présidentielle 2022
690 _aÉmancipation
690 _aEspoir
690 _aGauche
690 _aIntersectionnalité
690 _aJean-Luc Mélenchon
690 _aJoie
690 _aMarx
690 _aMélenchon
690 _aMichaël Fœssel
690 _aPlaisir
690 _aPolitique
690 _aPuritanisme
690 _aSocialisme
690 _aSouffrance
690 _aTravail
786 0 _nPhilosophie magazine | 157 | 3 | 2022-03-01 | p. 15-19 | 1951-1787
856 4 1 _uhttps://shs.cairn.info/magazine-philosophie-magazine-2022-3-page-15?lang=fr&redirect-ssocas=7080
999 _c1839455
_d1839455